The Marshall Cavendish encyclopedia of health / (Record no. 7029)
[ view plain ]
| 000 -LEADER | |
|---|---|
| fixed length control field | 00743nam a22002297a 4500 |
| 003 - CONTROL NUMBER IDENTIFIER | |
| control field | OSt |
| 005 - DATE AND TIME OF LATEST TRANSACTION | |
| control field | 20251210085123.0 |
| 008 - FIXED-LENGTH DATA ELEMENTS--GENERAL INFORMATION | |
| fixed length control field | 251210b |||||||| |||| 00| 0 eng d |
| 020 ## - INTERNATIONAL STANDARD BOOK NUMBER | |
| International Standard Book Number | 1854352031 (set) |
| 040 ## - CATALOGING SOURCE | |
| Original cataloging agency | DWCL - Main |
| Transcribing agency | OC |
| 082 ## - DEWEY DECIMAL CLASSIFICATION NUMBER | |
| Classification number | GR 610.3 M367 1995 |
| 100 ## - MAIN ENTRY--PERSONAL NAME | |
| Personal name | Sheehan, Angela |
| Relator term | Editor |
| 245 ## - TITLE STATEMENT | |
| Title | The Marshall Cavendish encyclopedia of health / |
| Statement of responsibility, etc. | Angela Sheehan |
| 250 ## - EDITION STATEMENT | |
| Edition statement | Revised edition |
| 260 ## - PUBLICATION, DISTRIBUTION, ETC. | |
| Place of publication, distribution, etc. | New York: |
| Name of publisher, distributor, etc. | M. Cavendis, |
| Date of publication, distribution, etc. | c1995. |
| 300 ## - PHYSICAL DESCRIPTION | |
| Extent | 14 vols.: |
| Other physical details | ill. (chiefly col.); |
| Dimensions | 28 cm. |
| 650 ## - SUBJECT ADDED ENTRY--TOPICAL TERM | |
| Topical term or geographic name entry element | 1. Health encyclopedias. |
| 650 ## - SUBJECT ADDED ENTRY--TOPICAL TERM | |
| Topical term or geographic name entry element | 2. Health -- juvenile literature. |
| 650 ## - SUBJECT ADDED ENTRY--TOPICAL TERM | |
| Topical term or geographic name entry element | 3. Hygiene -- juvenile literature. |
| 650 ## - SUBJECT ADDED ENTRY--TOPICAL TERM | |
| Topical term or geographic name entry element | 4. Physical fitness -- juvenile literature. |
| 942 ## - ADDED ENTRY ELEMENTS (KOHA) | |
| Source of classification or shelving scheme | Dewey Decimal Classification |
| Koha item type | General Reference |
| Suppress in OPAC | No |
| 952 ## - LOCATION AND ITEM INFORMATION (KOHA) | |
| -- | |
| 952 ## - LOCATION AND ITEM INFORMATION (KOHA) | |
| -- | |
| 952 ## - LOCATION AND ITEM INFORMATION (KOHA) | |
| -- | |
| 952 ## - LOCATION AND ITEM INFORMATION (KOHA) | |
| -- | |
| 952 ## - LOCATION AND ITEM INFORMATION (KOHA) | |
| -- | |
| 952 ## - LOCATION AND ITEM INFORMATION (KOHA) | |
| -- | |
| 952 ## - LOCATION AND ITEM INFORMATION (KOHA) | |
| -- | |
| 952 ## - LOCATION AND ITEM INFORMATION (KOHA) | |
| -- | |
| 952 ## - LOCATION AND ITEM INFORMATION (KOHA) | |
| -- | |
| 952 ## - LOCATION AND ITEM INFORMATION (KOHA) | |
| -- | |
| 952 ## - LOCATION AND ITEM INFORMATION (KOHA) | |
| -- | |
| 952 ## - LOCATION AND ITEM INFORMATION (KOHA) | |
| -- | |
| 952 ## - LOCATION AND ITEM INFORMATION (KOHA) | |
| -- | |
| 952 ## - LOCATION AND ITEM INFORMATION (KOHA) | |
| -- | |
| Withdrawn status | Lost status | Source of classification or shelving scheme | Damaged status | Not for loan | Home library | Current library | Shelving location | Date acquired | Source of acquisition | Total Checkouts | Full call number | Barcode | Date last seen | Copy number | Price effective from | Koha item type | Uniform Resource Identifier | Public note |
|---|---|---|---|---|---|---|---|---|---|---|---|---|---|---|---|---|---|---|
| Dewey Decimal Classification | Junior High School Library | Junior High School Library | General Reference | 05/01/2005 | Donation | GR 610.3 M367 1995 | JHS - 12386 | 12/10/2025 | v1 | 12/10/2025 | GR | |||||||
| Dewey Decimal Classification | Junior High School Library | Junior High School Library | General Reference | 05/01/2005 | Donation | GR 610.3 M367 1995 | JHS - 12387 | 12/10/2025 | v2 | 12/10/2025 | GR | Arthritis - Bronchitis | ||||||
| Dewey Decimal Classification | Junior High School Library | Junior High School Library | General Reference | 05/01/2005 | Donation | GR 610.3 M367 1995 | JHS - 12388 | 12/10/2025 | v3 | 12/10/2025 | GR | Brucellosis - Corns | ||||||
| Dewey Decimal Classification | Junior High School Library | Junior High School Library | General Reference | 05/01/2005 | Donation | GR 610.3 M367 1995 | JHS - 12389 | 12/10/2025 | v4 | 12/10/2025 | GR | Conorary Thrombosis - Dyslexia | ||||||
| Dewey Decimal Classification | Junior High School Library | Junior High School Library | General Reference | 05/01/2005 | Donation | GR 610.3 M367 1995 | JHS - 12390 | 12/10/2025 | v5 | 12/10/2025 | GR | Ear and Hearing - Fluoridation | ||||||
| Dewey Decimal Classification | Junior High School Library | Junior High School Library | General Reference | 05/01/2005 | Donation | GR 610.3 M367 1995 | JHS - 12391 | 12/10/2025 | v6 | 12/10/2025 | GR | Food and Nutrition - Hemorroids | ||||||
| Dewey Decimal Classification | Junior High School Library | Junior High School Library | General Reference | 05/01/2005 | Donation | GR 610.3 M367 1995 | JHS - 12392 | 12/10/2025 | v7 | 12/10/2025 | GR | Hepatitis - Isomeric Exercises | ||||||
| Dewey Decimal Classification | Junior High School Library | Junior High School Library | General Reference | 05/01/2005 | Donation | GR 610.3 M367 1995 | JHS - 12393 | 12/10/2025 | v8 | 12/10/2025 | GR | Itches - Medical Technology | ||||||
| Dewey Decimal Classification | Junior High School Library | Junior High School Library | General Reference | 05/01/2005 | Donation | GR 610.3 M367 1995 | JHS - 12394 | 12/10/2025 | v9 | 12/10/2025 | GR | Medicines - Nursing Home | ||||||
| Dewey Decimal Classification | Junior High School Library | Junior High School Library | General Reference | 05/01/2005 | Donation | GR 610.3 M367 1995 | JHS - 12395 | 12/10/2025 | v10 | 12/10/2025 | GR | Nutritional Diseases - Premenstrual Syndrome | ||||||
| Dewey Decimal Classification | Junior High School Library | Junior High School Library | General Reference | 05/01/2005 | Donation | GR 610.3 M367 1995 | JHS - 12396 | 12/10/2025 | v11 | 12/10/2025 | GR | Preventive Medicine - Senses | ||||||
| Dewey Decimal Classification | Junior High School Library | Junior High School Library | General Reference | 05/01/2005 | Donation | GR 610.3 M367 1995 | JHS - 12397 | 12/10/2025 | v12 | 12/10/2025 | GR | Sensitivity - Sunglasses | ||||||
| Dewey Decimal Classification | Junior High School Library | Junior High School Library | General Reference | 05/01/2005 | Donation | GR 610.3 M367 1995 | JHS - 12398 | 12/10/2025 | v13 | 12/10/2025 | GR | Surgery - Yoga | ||||||
| Dewey Decimal Classification | Junior High School Library | Junior High School Library | General Reference | 05/01/2005 | Donation | GR 610.3 M367 1995 | JHS - 12399 | 12/10/2025 | v14 | 12/10/2025 | GR | Index - First Aid |